000 004540000a22001690004500
003 MACL
005 20150705141102.0
008 150705b xxu||||| |||| 00| 0 eng d
040 _aMACL
_cMACL
041 _aEnglish
100 _aRandathani, Dr Hussain
_9842
245 _aMappila Muslims
_bA Study on Society and Anti Colonial Struggles
260 _bOther Books
_c2007
_aKerala
350 _a180
650 _aSociology
_919
942 _cBK
_k301/RAN
_2ddc
999 _c42662
_d42662